00838nam a22002655i 450000100060000000300090000600500170001500700030003200800410003502000180007604000220009408000200011608000140013610000270015024501330017725000150031026000460032530000290037149000320040050400330043265000280046565000140049383000320050785200330053916197ES-MaACL20230906151247.0t|000707s1991 sp ||||0| spa j a84-323-0732-7 aM-BN bspa cM-BN a159.922.1-055.2 a616.891.21 aDio Bleichmar, Emilce.13aEl feminismo espontáneo de la histeria b: estudio de los trastornos narcisistas de la feminidad / cpor Emilce Dio Bleichmar. a[3ª ed.]. aMadrid : bSiglo XXI de España, c1991. aXXVII, 200 p. ; c21 cm.1 aDesigualdades y diferencias aBibliografía: p.[186]-195.14aMujeres-xPsicología.14aHisteria.0 aDesigualdades y diferencias aES-MaACLjL-23396 bR.128400